| 000 | 00625nam a2200253Ia 4500 | ||
|---|---|---|---|
| 003 | OSt | ||
| 005 | 20221007102341.0 | ||
| 006 | a|||||r|||| 00| 0 | ||
| 007 | ta | ||
| 008 | 221006b |||||||| |||| 00| 0 eng d | ||
| 020 | _a8187162325 | ||
| 024 | _a10,111 | ||
| 037 | _cTextual | ||
| 040 |
_aLCO _cLCO _beng |
||
| 041 |
_2eng _aeng |
||
| 082 | _aZ2,2,6, P0 | ||
| 100 | _aRao S. Au. | ||
| 245 | 0 | _aIndian Succcesion Act | |
| 250 | _a7th | ||
| 260 |
_aNew _bDelhi Lexis, Nexis Butterworths India _c2000 |
||
| 300 | _a1509 | ||
| 942 |
_hZ2,2,6, P0 _cTEXL |
||
| 999 |
_c1179674 _d1179674 |
||